Karinthiri / (Record no. 4999)
[ view plain ]
| 000 -LEADER | |
|---|---|
| fixed length control field | 00523cam a2200217ua 4500 |
| 041 ## - LANGUAGE CODE | |
| Language code of text/sound track or separate title | mal |
| 082 ## - DEWEY DECIMAL CLASSIFICATION NUMBER | |
| Classification number | 894.81209 |
| Item number | JOS/KA |
| 100 ## - MAIN ENTRY--AUTHOR NAME | |
| Personal name | Joseph, Mundassery . |
| 245 ## - TITLE STATEMENT | |
| Title | Karinthiri / |
| 260 ## - PUBLICATION, DISTRIBUTION, ETC. (IMPRINT) | |
| Place of publication | Thrissur : |
| Name of publisher | The Mangalodayam Pvt Ltd , |
| Year of publication | 1964. |
| 300 ## - PHYSICAL DESCRIPTION | |
| Number of Pages | 102 ; . |
| 942 ## - ADDED ENTRY ELEMENTS (KOHA) | |
| Koha item type | Books |
| Withdrawn status | Lost status | Damaged status | Home library | Current library | Date acquired | Full call number | Accession Number | Koha item type | Public note |
|---|---|---|---|---|---|---|---|---|---|
| Withdrawn | KAUAET | KAUAET | 07/04/2012 | 894.81209 | 4700 | Books | Deleted | ||
| Withdrawn | KAUAET | Malayalam University | 07/04/2012 | 894.81209 | 4995 | Books | |||
| Withdrawn | KAUAET | Malayalam University | 07/04/2012 | 894.81209 | 4996 | Books | |||
| Withdrawn | KAUAET | Malayalam University | 07/04/2012 | 894.81209 | 4994 | Books | |||
| Withdrawn | KAUAET | Malayalam University | 07/04/2012 | 894.81209 | 4993 | Books |
